[Event "WchT Blitz Pool C"]
[Site "London"]
[Date "2025.06.14"]
[Round "6.3"]
[White "Cuenca Jimenez, Jose Fernando"]
[Black "Haydon, David Leslie"]
[Result "1-0"]
[WhiteElo "2487"]
[BlackElo "2284"]
[PlyCount "49"]
[EventDate "2025.06.14"]
[EventType "team-tourn"]
[EventRounds "13"]
[EventCountry "ENG"]
[SourceTitle "CB25_2025"]
[SourceDate "2025.06.18"]
[SourceVersion "1"]
[SourceVersionDate "2025.06.18"]
[SourceQuality "1"]
[WhiteTeam "Duobeniajan Costa Calida"]
[BlackTeam "Wood Green Youth"]
[WhiteTeamCountry "ESP"]
[BlackTeamCountry "ENG"]

1. d4 Nf6 2. Bf4 e6 3. e3 d5 4. Nf3 c5 5. Nbd2 Nc6 6. c3 Bd6 7. Bg3 0-0 8. Bd3 b6 9. e4 dxe4 10. Nxe4 Be7 11. dxc5 bxc5 12. Nxf6+ Bxf6 13. Qe2 Bb7 14. h4 h6 15. Be4 Qb6 16. 0-0 Ba6 17. c4 Rad8 18. Rad1 Nd4 19. Nxd4 Rxd4 20. Rxd4 Bxd4 21. b3 f5 22. Bf3 e5 23. Bd5+ Kh8 24. Bxe5 Re8 25. Bxg7+ 1-0

[Event "WchT Blitz Pool C"]
[Site "London"]
[Date "2025.06.14"]
[Round "11.3"]
[White "Stepanyan, Henrik"]
[Black "Cuenca Jimenez, Jose Fernando"]
[Result "0-1"]
[WhiteElo "2200"]
[BlackElo "2487"]
[PlyCount "114"]
[EventDate "2025.06.14"]
[EventType "team-tourn"]
[EventRounds "13"]
[EventCountry "ENG"]
[SourceTitle "CB25_2025"]
[SourceDate "2025.06.18"]
[SourceVersion "1"]
[SourceVersionDate "2025.06.18"]
[SourceQuality "1"]
[WhiteTeam "ANI"]
[BlackTeam "Duobeniajan Costa Calida"]
[WhiteTeamCountry "ENG"]
[BlackTeamCountry "ESP"]

1. d4 Nf6 2. c4 g6 3. Nc3 Bg7 4. e4 d6 5. Nf3 0-0 6. h3 e5 7. dxe5 dxe5 8. Qxd8 Rxd8 9. Bg5 c6 10. Nxe5 Re8 11. 0-0-0 Na6 12. Nf3 Nc5 13. e5 Nfd7 14. Be3 Ne6 15. Ne4 Nxe5 16. Nxe5 Bxe5 17. Nd6 Rd8 18. Nxc8 Bxb2+ 19. Kc2 Rxd1 20. Ne7+ Kf8 21. Nxg6+ hxg6 22. Kxd1 Bd4 23. Bxd4 Nxd4 24. h4 Kg7 25. Rh3 Rd8 26. Kc1 c5 27. Ra3 Ra8 28. g3 a6 29. Bg2 Ra7 30. Re3 b5 31. Bd5 Rc7 32. Re8 Rd7 33. Ra8 Rd6 34. Ra7 Rf6 35. f4 Nf5 36. g4 Nxh4 37. f5 Kh6 38. Rxf7 Rxf7 39. Bxf7 gxf5 40. gxf5 Nxf5 41. cxb5 axb5 42. Kd2 Kg5 43. Kd3 Kf4 44. Be8 Nd6 45. Bc6 Ke5 46. a4 b4 47. a5 c4+ 48. Kc2 Kd4 49. a6 Nc8 50. Bb7 Na7 51. Kb1 Kc3 52. Be4 b3 53. Bd5 Kb4 54. Bf7 c3 55. Be6 Nb5 56. Bf7 Na3+ 57. Ka1 b2+ 0-1

[Event "WchT Rapid"]
[Site "London"]
[Date "2025.06.13"]
[Round "9.3"]
[White "Munkhzul, Turmunkh"]
[Black "Cuenca Jimenez, Jose Fernando"]
[Result "0-1"]
[WhiteElo "2357"]
[BlackElo "2459"]
[PlyCount "92"]
[EventDate "2025.06.11"]
[EventType "team-swiss"]
[EventRounds "12"]
[EventCountry "ENG"]
[SourceTitle "CB25_2025"]
[SourceDate "2025.06.18"]
[SourceVersion "1"]
[SourceVersionDate "2025.06.18"]
[SourceQuality "1"]
[WhiteTeam "Mongolia"]
[BlackTeam "Duobeniajan Costa Calida"]
[WhiteTeamCountry "MGL"]
[BlackTeamCountry "ESP"]

1. e4 e5 2. Nf3 Nc6 3. Bb5 a6 4. Bxc6 dxc6 5. d4 exd4 6. Qxd4 Qxd4 7. Nxd4 Bd7 8. Be3 0-0-0 9. f3 c5 10. Ne2 f5 11. Nbc3 Nf6 12. Ng3 Re8 13. Kd2 fxe4 14. Ngxe4 Nxe4+ 15. Nxe4 Bf5 16. Rae1 Bxe4 17. fxe4 Rxe4 18. Kd3 Rg4 19. Re2 Bd6 20. h3 c4+ 21. Kd2 Re4 22. Bg5 Rxe2+ 23. Kxe2 Re8+ 24. Kf3 Re5 25. Bd2 Rf5+ 26. Ke2 Be5 27. c3 Bf6 28. Rf1 Ra5 29. a3 Re5+ 30. Kd1 Rd5 31. Kc2 Rd3 32. Re1 Kd7 33. Re4 b5 34. Be1 Rd5 35. Re2 Rf5 36. Bf2 Kc6 37. Kd1 a5 38. Kc2 h6 39. Be1 Rf1 40. Bd2 Kd5 41. Bc1 c5 42. Rd2+ Kc6 43. Re2 b4 44. axb4 cxb4 45. cxb4 axb4 46. b3 cxb3+ 0-1

[Event "WchT Rapid"]
[Site "London"]
[Date "2025.06.12"]
[Round "8.3"]
[White "Cuenca Jimenez, Jose Fernando"]
[Black "Tin, Jingyao"]
[Result "1-0"]
[WhiteElo "2459"]
[BlackElo "2485"]
[PlyCount "71"]
[EventDate "2025.06.11"]
[EventType "team-swiss"]
[EventRounds "12"]
[EventCountry "ENG"]
[SourceTitle "CB25_2025"]
[SourceDate "2025.06.18"]
[SourceVersion "1"]
[SourceVersionDate "2025.06.18"]
[SourceQuality "1"]
[WhiteTeam "Duobeniajan Costa Calida"]
[BlackTeam "Theme Int Trading"]
[WhiteTeamCountry "ESP"]
[BlackTeamCountry "SIN"]

1. d4 d5 2. Bf4 c5 3. e3 cxd4 4. exd4 Nc6 5. Nf3 Bf5 6. c4 e6 7. c5 Nge7 8. Nc3 Ng6 9. Be3 Be7 10. Bb5 0-0 11. 0-0 Rc8 12. h3 b6 13. Bxc6 Rxc6 14. b4 Rc8 15. Qd2 h5 16. Rac1 Qd7 17. Rfd1 Rfd8 18. Qe2 h4 19. Bg5 bxc5 20. Bxe7 Qxe7 21. dxc5 Nf4 22. Qe3 g5 23. Nxh4 Bh7 24. Nf3 f6 25. h4 e5 26. hxg5 Qg7 27. Ne2 Ng6 28. gxf6 Qxf6 29. Qg5 Qg7 30. Ng3 Rf8 31. Rxd5 Rce8 32. Nh5 Qf7 33. Rd6 Kh8 34. Rf6 Qg8 35. Rxf8 Rxf8 36. Nxe5 1-0

[Event "WchT Rapid"]
[Site "London"]
[Date "2025.06.11"]
[Round "2.3"]
[White "Esipenko, Andrey"]
[Black "Cuenca Jimenez, Jose Fernando"]
[Result "0-1"]
[WhiteElo "2651"]
[BlackElo "2459"]
[PlyCount "96"]
[EventDate "2025.06.11"]
[EventType "team-swiss"]
[EventRounds "12"]
[EventCountry "ENG"]
[SourceTitle "CB25_2025"]
[SourceDate "2025.06.18"]
[SourceVersion "1"]
[SourceVersionDate "2025.06.18"]
[SourceQuality "1"]
[WhiteTeam "KazChess"]
[BlackTeam "Duobeniajan Costa Calida"]
[WhiteTeamCountry "KAZ"]
[BlackTeamCountry "ESP"]

1. d4 Nf6 2. Nf3 g6 3. g3 Bg7 4. Bg2 0-0 5. 0-0 d6 6. Nc3 d5 7. Re1 c6 8. e4 Nxe4 9. Nxe4 dxe4 10. Rxe4 c5 11. Bg5 f6 12. Bf4 cxd4 13. Rxd4 Qe8 14. Be3 Nc6 15. Rd2 e5 16. Rd6 Kh8 17. Bc5 Be6 18. c3 Rf7 19. Nd2 f5 20. Nf3 Rd7 21. Rxd7 Bxd7 22. Qb3 b6 23. Ng5 h6 24. Nf7+ Kh7 25. Nd6 Qd8 26. Ba3 e4 27. Rd1 Ne5 28. Nf7 Qe8 29. Nxe5 Ba4 30. Qd5 Bxd1 31. Nc4 Be2 32. Nd6 Qa4 33. Bf1 Qd1 34. Qxd1 Bxd1 35. c4 Rd8 36. c5 bxc5 37. Nc4 Bd4 38. b3 Bf3 39. h4 g5 40. hxg5 hxg5 41. Bc1 Kg6 42. Bd2 Rf8 43. Bg2 Bxg2 44. Kxg2 f4 45. gxf4 gxf4 46. f3 e3 47. Ba5 e2 48. Nd6 Rg8 0-1

[Event "Cambridge op 3rd"]
[Site "Cambridge"]
[Date "2025.05.28"]
[Round "5"]
[White "Cuenca Jimenez, Jose Fernando"]
[Black "Majeed, Haroon"]
[Result "1-0"]
[WhiteElo "2495"]
[BlackElo "1999"]
[PlyCount "83"]
[EventDate "2025.05.26"]
[EventType "tourn"]
[EventRounds "9"]
[EventCountry "ENG"]
[SourceTitle "CB23_2025"]
[SourceDate "2025.06.04"]
[SourceVersion "1"]
[SourceVersionDate "2025.06.04"]
[SourceQuality "1"]

1. d4 d5 2. c4 e6 3. Nc3 Be7 4. Nf3 Nf6 5. Bf4 0-0 6. e3 Nbd7 7. c5 c6 8. b4 b6 9. h4 a5 10. a3 Bb7 11. Bd3 Qc8 12. 0-0 Ba6 13. Qe2 Bxd3 14. Qxd3 Qb7 15. Rab1 Ra7 16. Rfc1 axb4 17. axb4 Rfa8 18. Qc2 h6 19. Kh1 Ne4 20. cxb6 Nxc3 21. Qxc3 Nxb6 22. Qxc6 Nc4 23. b5 Bd8 24. Ne5 Rc8 25. Qxb7 Rxb7 26. h5 f6 27. Nxc4 dxc4 28. Kg1 c3 29. Kf1 Ba5 30. g4 Rc4 31. Bd6 Kf7 32. Ke2 Ra4 33. Kd3 e5 34. dxe5 Rxg4 35. f4 Rg2 36. Kc4 Re2 37. Ra1 Bb6 38. Rxc3 Rxe3 39. Rxe3 Bxe3 40. Re1 Bd2 41. e6+ Ke8 42. Ra1 1-0

[Event "Menorca op-A 4th"]
[Site "Ciutadella"]
[Date "2025.04.24"]
[Round "5"]
[White "Cuenca Jimenez, Jose Fernando"]
[Black "Karacsonyi, Gellert"]
[Result "1/2-1/2"]
[WhiteElo "2487"]
[BlackElo "2379"]
[PlyCount "60"]
[EventDate "2025.04.22"]
[EventType "swiss"]
[EventRounds "9"]
[EventCountry "ESP"]
[SourceTitle "CB18_2025"]
[SourceDate "2025.04.30"]
[SourceVersion "1"]
[SourceVersionDate "2025.04.30"]
[SourceQuality "1"]

1. d4 Nf6 2. c4 e6 3. Nc3 Bb4 4. Qc2 d5 5. cxd5 exd5 6. Bf4 0-0 7. e3 Re8 8. Nf3 c5 9. dxc5 Nc6 10. Be2 Ne4 11. 0-0 Bxc3 12. bxc3 Qa5 13. Rfc1 Qxc5 14. Rab1 a6 15. c4 Bf5 16. cxd5 Qxd5 17. Rxb7 Ng3 18. Qb2 Nxe2+ 19. Qxe2 Bg4 20. Qd1 Nd4 21. Rb6 Nxf3+ 22. gxf3 Bxf3 23. Qxd5 Bxd5 24. a3 Rac8 25. Rxc8 Rxc8 26. Rb8 Rxb8 27. Bxb8 f5 28. h4 g6 29. Kh2 Kf7 30. Kg3 Ke6 1/2-1/2

[Event "Buenos Aires Faogba op 3rd"]
[Site "Buenos Aires"]
[Date "2025.04.07"]
[Round "8"]
[White "Cuenca Jimenez, Jose Fernando"]
[Black "Mareco, Sandro"]
[Result "1/2-1/2"]
[WhiteElo "2487"]
[BlackElo "2588"]
[PlyCount "36"]
[EventDate "2025.04.02"]
[EventType "swiss"]
[EventRounds "9"]
[EventCountry "ARG"]
[SourceTitle "CB16_2025"]
[SourceDate "2025.04.16"]
[SourceVersion "1"]
[SourceVersionDate "2025.04.16"]
[SourceQuality "1"]

1. d4 Nf6 2. c4 e6 3. Nc3 Bb4 4. Qc2 b6 5. e4 c5 6. d5 Qe7 7. Nge2 exd5 8. exd5 0-0 9. Bd2 d6 10. 0-0-0 Ng4 11. Be1 a6 12. Ng3 b5 13. a3 Ba5 14. cxb5 f5 15. h3 Ne5 16. f4 Ng6 17. Bd2 Qh4 18. Nge2 Nd7 1/2-1/2

[Event "Buenos Aires Faogba op 3rd"]
[Site "Buenos Aires"]
[Date "2025.04.04"]
[Round "4"]
[White "Villegas, Franco"]
[Black "Cuenca Jimenez, Jose Fernando"]
[Result "1/2-1/2"]
[WhiteElo "2329"]
[BlackElo "2487"]
[PlyCount "87"]
[EventDate "2025.04.02"]
[EventType "swiss"]
[EventRounds "9"]
[EventCountry "ARG"]
[SourceTitle "CB16_2025"]
[SourceDate "2025.04.16"]
[SourceVersion "1"]
[SourceVersionDate "2025.04.16"]
[SourceQuality "1"]

1. e4 e5 2. Nf3 Nc6 3. Bb5 g6 4. 0-0 Bg7 5. c3 a6 6. Ba4 d6 7. h3 Nge7 8. d4 Bd7 9. Re1 0-0 10. Be3 a5 11. dxe5 Nxe5 12. Nxe5 Bxe5 13. Bxd7 Qxd7 14. a4 f5 15. Bh6 Rf7 16. f4 Bh8 17. e5 Qc6 18. exd6 cxd6 19. Nd2 Bf6 20. Qb3 Nd5 21. Re6 Bg7 22. c4 Nc7 23. Bxg7 Nxe6 24. Bh6 Nc5 25. Qc2 Re8 26. Nf3 Re3 27. Rd1 Rfe7 28. Qf2 b6 29. Qh4 Nd7 30. Kh2 Re2 31. Rd5 Qxc4 32. Rxd6 Qc2 33. Qg3 Rxg2+ 34. Qxg2 Re2 35. Qxe2 Qxe2+ 36. Kg3 Nc5 37. Rd8+ Kf7 38. Ne5+ Kf6 39. Nd7+ Nxd7 40. Bg5+ Kf7 41. Rxd7+ Kf8 42. Rd8+ Kf7 43. Rd7+ Kf8 44. Rd8+ 1/2-1/2

[Event "Buenos Aires Faogba op 3rd"]
[Site "Buenos Aires"]
[Date "2025.04.02"]
[Round "1"]
[White "Cuenca Jimenez, Jose Fernando"]
[Black "Zarate, Cristian"]
[Result "1-0"]
[WhiteElo "2487"]
[BlackElo "2029"]
[PlyCount "97"]
[EventDate "2025.04.02"]
[EventType "swiss"]
[EventRounds "9"]
[EventCountry "ARG"]
[SourceTitle "CB16_2025"]
[SourceDate "2025.04.16"]
[SourceVersion "1"]
[SourceVersionDate "2025.04.16"]
[SourceQuality "1"]

1. d4 Nf6 2. c4 e6 3. Nf3 b6 4. g3 Bb7 5. Bg2 Be7 6. 0-0 0-0 7. Nc3 Ne4 8. Bd2 f5 9. Ne5 Nxc3 10. Bxc3 Bxg2 11. Kxg2 d6 12. Nd3 Bf6 13. Re1 c5 14. Nf4 Qe8 15. e3 Qg6 16. Kf1 Qe8 17. Kg2 g5 18. Nh5 Bh8 19. Rc1 Nd7 20. h3 Rd8 21. f4 h6 22. d5 e5 23. g4 Qf7 24. Ng3 fxg4 25. hxg4 exf4 26. Nf5 Qh7 27. exf4 Rxf5 28. gxf5 Qxf5 29. Bxh8 Kxh8 30. Qh5 Qf6 31. fxg5 Rg8 32. Kh1 Rxg5 33. Qh3 Ne5 34. Rg1 Nf3 35. Rxg5 Nxg5 36. Rf1 Qg6 37. Qc8+ Kh7 38. Qd7+ Kg8 39. Qd8+ Kg7 40. Qf8+ Kh7 41. Qe7+ Qg7 42. Re1 Nf7 43. Qe4+ Qg6 44. Qxg6+ Kxg6 45. Re7 a6 46. Rb7 b5 47. cxb5 axb5 48. Rxb5 Kg5 49. a4 1-0

[Event "Punta del Este"]
[Site "Punta del Este"]
[Date "2025.03.18"]
[Round "7"]
[White "Cuenca Jimenez, Jose Fernando"]
[Black "Mareco, Sandro"]
[Result "1/2-1/2"]
[WhiteElo "2479"]
[BlackElo "2591"]
[PlyCount "39"]
[EventDate "2025.03.14"]
[EventType "tourn"]
[EventRounds "10"]
[EventCountry "URU"]
[EventCategory "10"]
[SourceTitle "CB13_2025"]
[SourceDate "2025.03.26"]
[SourceVersion "1"]
[SourceVersionDate "2025.03.26"]
[SourceQuality "1"]

1. d4 d5 2. c4 e6 3. Nc3 Nf6 4. cxd5 exd5 5. Bg5 c6 6. e3 h6 7. Bh4 Be7 8. Bd3 0-0 9. Nf3 Re8 10. Bg3 Bg4 11. h3 Bxf3 12. Qxf3 Bd6 13. Bh4 Nbd7 14. 0-0 Be7 15. Bg3 Nf8 16. Be5 N6d7 17. Bh2 Nf6 18. Be5 N6d7 19. Bh2 Nf6 20. Be5 1/2-1/2

[Event "Punta del Este"]
[Site "Punta del Este"]
[Date "2025.03.17"]
[Round "5"]
[White "Oro, Faustino"]
[Black "Cuenca Jimenez, Jose Fernando"]
[Result "0-1"]
[WhiteElo "2427"]
[BlackElo "2479"]
[PlyCount "80"]
[EventDate "2025.03.14"]
[EventType "tourn"]
[EventRounds "10"]
[EventCountry "URU"]
[EventCategory "10"]
[SourceTitle "CB13_2025"]
[SourceDate "2025.03.26"]
[SourceVersion "1"]
[SourceVersionDate "2025.03.26"]
[SourceQuality "1"]

1. e4 c5 2. Nf3 Nc6 3. Nc3 e5 4. Bc4 g6 5. b4 d6 6. bxc5 dxc5 7. d3 h6 8. 0-0 Bg7 9. Be3 b6 10. Nd5 Nge7 11. Nd2 0-0 12. Nxe7+ Qxe7 13. Bd5 Bd7 14. c3 Kh7 15. Nc4 f5 16. exf5 gxf5 17. f4 exf4 18. Bxf4 Bxc3 19. Rc1 Bg7 20. Qh5 Qe8 21. Qh3 Qg6 22. Nd6 Rad8 23. Rce1 Rf6 24. Nc4 Qg4 25. Qe3 Re6 26. Qf2 Rxe1 27. Rxe1 Bd4 28. Be3 Re8 29. h3 Qg7 30. Bxc6 Bxc6 31. Qxf5+ Kg8 32. Qf2 b5 33. Kh2 bxc4 34. Bxd4 cxd4 35. Rxe8+ Bxe8 36. dxc4 Bc6 37. Qe2 Qf6 38. Qg4+ Kh7 39. Qc8 Qd6+ 40. Kh1 Qd7 0-1

[Event "Punta del Este"]
[Site "Punta del Este"]
[Date "2025.03.15"]
[Round "2"]
[White "Mareco, Sandro"]
[Black "Cuenca Jimenez, Jose Fernando"]
[Result "1-0"]
[WhiteElo "2591"]
[BlackElo "2479"]
[PlyCount "48"]
[EventDate "2025.03.14"]
[EventType "tourn"]
[EventRounds "10"]
[EventCountry "URU"]
[EventCategory "10"]
[SourceTitle "CB13_2025"]
[SourceDate "2025.03.26"]
[SourceVersion "1"]
[SourceVersionDate "2025.03.26"]
[SourceQuality "1"]

1. d4 Nf6 2. c4 e6 3. Nc3 d5 4. cxd5 exd5 5. Bg5 Bb4 6. e3 h6 7. Bh4 g5 8. Bg3 h5 9. Qb3 c5 10. dxc5 Nc6 11. 0-0-0 Be6 12. Nf3 h4 13. Bd6 d4 14. Bc4 Bxc4 15. Qxc4 dxc3 16. Nxg5 cxb2+ 17. Kxb2 Qd7 18. Qf4 Rh6 19. Bf8 Qg4 20. Bxh6 Qe2+ 21. Kb3 Bxc5 22. Qxf6 Qb5+ 23. Kc2 Nb4+ 24. Kb1 Nc6+ 1-0

[Event "Titled Tuesday intern op 11th Mar Late"]
[Site "Chess.com INT"]
[Date "2025.03.11"]
[Round "5"]
[White "Ashraf, Artin"]
[Black "Cuenca Jimenez, Jose Fernando"]
[Result "1-0"]
[WhiteElo "2407"]
[BlackElo "2479"]
[PlyCount "83"]
[EventDate "2025.03.11"]
[EventType "swiss (blitz)"]
[EventRounds "11"]
[EventCountry "USA"]
[SourceTitle "CB12_2025"]
[SourceDate "2025.03.19"]
[SourceVersion "1"]
[SourceVersionDate "2025.03.19"]
[SourceQuality "1"]

1. Nf3 Nf6 2. c4 g6 3. Nc3 Bg7 4. e4 d6 5. d4 0-0 6. Bd3 Nc6 7. d5 Nb4 8. Be2 a5 9. 0-0 e5 10. a3 Na6 11. b4 Bg4 12. Rb1 Nd7 13. Be3 Bxf3 14. Bxf3 f5 15. Qc2 f4 16. Bd2 h5 17. Rfd1 Qe8 18. c5 g5 19. Nb5 g4 20. Be2 f3 21. Bf1 fxg2 22. Bxg2 Qg6 23. c6 bxc6 24. dxc6 Nf6 25. Qc1 h4 26. Nc3 Nh5 27. Nd5 Rf7 28. b5 Nc5 29. b6 cxb6 30. c7 Rc8 31. Rxb6 Rfxc7 32. Nxc7 Rxc7 33. Be3 h3 34. Bh1 g3 35. hxg3 Nxg3 36. Kh2 Bh6 37. Rg1 Bf4 38. Bxf4 exf4 39. Qxf4 Nd3 40. Qxg3 Qxg3+ 41. Rxg3+ Kf7 42. Rxd3 1-0

[Event "Titled Tuesday intern op 11th Mar Late"]
[Site "Chess.com INT"]
[Date "2025.03.11"]
[Round "8"]
[White "Cuenca Jimenez, Jose Fernando"]
[Black "Devagharan, Devina"]
[Result "1-0"]
[WhiteElo "2479"]
[BlackElo "1860"]
[PlyCount "63"]
[EventDate "2025.03.11"]
[EventType "swiss (blitz)"]
[EventRounds "11"]
[EventCountry "USA"]
[SourceTitle "CB12_2025"]
[SourceDate "2025.03.19"]
[SourceVersion "1"]
[SourceVersionDate "2025.03.19"]
[SourceQuality "1"]

1. d4 d5 2. Bf4 Nf6 3. e3 g6 4. Nc3 Bg7 5. h4 h5 6. Nb5 Na6 7. Nc3 c6 8. Bxa6 bxa6 9. Nf3 Bg4 10. Be5 Qd7 11. Na4 Qf5 12. Nc5 a5 13. Qd3 Qxd3 14. cxd3 Bxf3 15. gxf3 0-0 16. Rc1 Nh7 17. Bxg7 Kxg7 18. Rc3 Rab8 19. b3 Rfd8 20. Ke2 e5 21. dxe5 d4 22. Rc4 dxe3 23. fxe3 Nf8 24. Rhc1 Rb5 25. d4 Rdb8 26. Na6 R8b7 27. Rxc6 a4 28. Nc5 Rb8 29. Nxa4 Ne6 30. Nc5 Nd8 31. Rc7 Ra5 32. e6 1-0

[Event "Titled Tuesday intern op 11th Mar Late"]
[Site "Chess.com INT"]
[Date "2025.03.11"]
[Round "1"]
[White "Cuenca Jimenez, Jose Fernando"]
[Black "Meunier Pion, Jean"]
[Result "1-0"]
[WhiteElo "2479"]
[BlackElo "2221"]
[PlyCount "99"]
[EventDate "2025.03.11"]
[EventType "swiss (blitz)"]
[EventRounds "11"]
[EventCountry "USA"]
[SourceTitle "CB12_2025"]
[SourceDate "2025.03.19"]
[SourceVersion "1"]
[SourceVersionDate "2025.03.19"]
[SourceQuality "1"]

1. d4 d5 2. Bf4 c5 3. e3 cxd4 4. exd4 Nc6 5. Nf3 Nf6 6. Nbd2 Qb6 7. Nb3 Bf5 8. c3 e6 9. h3 Be7 10. Bd3 Bxd3 11. Qxd3 0-0 12. 0-0 a5 13. Qe2 a4 14. Nc1 a3 15. b3 Ne4 16. Qd3 Rfc8 17. Ne2 Qa6 18. Qxa6 Rxa6 19. Nd2 Nxc3 20. Nxc3 Nxd4 21. Be5 Nc6 22. Bh2 Bf6 23. Rac1 Nd4 24. Ndb1 Rac6 25. Kh1 b5 26. b4 Rc4 27. Bd6 h6 28. Bc5 Nf5 29. Nxb5 Rxc1 30. Rxc1 Bb2 31. Rd1 Rb8 32. N1xa3 Ra8 33. Rd3 e5 34. Rb3 Bc1 35. Kg1 d4 36. Kf1 Ne7 37. Bxe7 Rc8 38. Bc5 Bf4 39. Nc2 Bg5 40. g3 f5 41. Ne1 Ra8 42. a3 Bf6 43. f4 exf4 44. gxf4 g5 45. fxg5 hxg5 46. Bxd4 Be7 47. Bc5 Bf6 48. Nd6 f4 49. Ne4 Bd8 50. Nf3 1-0

[Event "Titled Tuesday intern op 11th Mar Late"]
[Site "Chess.com INT"]
[Date "2025.03.11"]
[Round "10"]
[White "Cuenca Jimenez, Jose Fernando"]
[Black "Mitev, Valentin"]
[Result "1-0"]
[WhiteElo "2479"]
[BlackElo "2290"]
[PlyCount "65"]
[EventDate "2025.03.11"]
[EventType "swiss (blitz)"]
[EventRounds "11"]
[EventCountry "USA"]
[SourceTitle "CB12_2025"]
[SourceDate "2025.03.19"]
[SourceVersion "1"]
[SourceVersionDate "2025.03.19"]
[SourceQuality "1"]

1. d4 d5 2. Bf4 Nf6 3. e3 c5 4. dxc5 Nc6 5. Bb5 Qa5+ 6. Nc3 e6 7. a3 Ne4 8. Nge2 Nxc3 9. Nxc3 Be7 10. b4 Qd8 11. Rb1 0-0 12. 0-0 Bf6 13. Qd2 e5 14. Bg3 Be6 15. Rfd1 Ne7 16. Ba4 a6 17. Bb3 d4 18. Ne4 Bxb3 19. Nxf6+ gxf6 20. Rxb3 dxe3 21. Rxe3 Qc8 22. f4 Nf5 23. Rd3 e4 24. Rd5 Qe6 25. Qe2 Kh8 26. Be1 Rg8 27. Kh1 Rae8 28. Bc3 Rg6 29. g4 Ne7 30. Rd8 Rxd8 31. Rxd8+ Rg8 32. f5 Qc6 33. Rd6 1-0

[Event "Titled Tuesday intern op 11th Mar Late"]
[Site "Chess.com INT"]
[Date "2025.03.11"]
[Round "9"]
[White "Gutierrez Olivares, Daniel"]
[Black "Cuenca Jimenez, Jose Fernando"]
[Result "0-1"]
[WhiteElo "2354"]
[BlackElo "2479"]
[PlyCount "68"]
[EventDate "2025.03.11"]
[EventType "swiss (blitz)"]
[EventRounds "11"]
[EventCountry "USA"]
[SourceTitle "CB12_2025"]
[SourceDate "2025.03.19"]
[SourceVersion "1"]
[SourceVersionDate "2025.03.19"]
[SourceQuality "1"]

1. Nf3 Nf6 2. g3 g6 3. c4 Bg7 4. Bg2 0-0 5. 0-0 d6 6. Nc3 Nc6 7. Rb1 a5 8. a3 e5 9. b4 axb4 10. axb4 Nd4 11. Nxd4 exd4 12. Nb5 Ne8 13. Bb2 c5 14. e3 Bf5 15. d3 dxe3 16. fxe3 Bxb2 17. Rxb2 Rb8 18. Nc3 Nc7 19. g4 Be6 20. bxc5 dxc5 21. Ne4 b6 22. Qd2 f5 23. gxf5 Bxf5 24. Nf2 Qd6 25. Qc3 Rbe8 26. Be4 Bd7 27. Rfb1 Rb8 28. Qe1 Qf6 29. Qe2 Qg5+ 30. Kh1 Qh4 31. Rg1 Kh8 32. Rg3 Qf6 33. Rb1 Qxf2 34. Qd1 Qf6 0-1

[Event "Titled Tuesday intern op 11th Mar Late"]
[Site "Chess.com INT"]
[Date "2025.03.11"]
[Round "7"]
[White "Kopczynski, Michal"]
[Black "Cuenca Jimenez, Jose Fernando"]
[Result "1-0"]
[WhiteElo "2225"]
[BlackElo "2479"]
[PlyCount "59"]
[EventDate "2025.03.11"]
[EventType "swiss (blitz)"]
[EventRounds "11"]
[EventCountry "USA"]
[SourceTitle "CB12_2025"]
[SourceDate "2025.03.19"]
[SourceVersion "1"]
[SourceVersionDate "2025.03.19"]
[SourceQuality "1"]

1. e4 d6 2. d4 Nf6 3. Nc3 e5 4. dxe5 dxe5 5. Qxd8+ Kxd8 6. Bg5 Be6 7. 0-0-0+ Nbd7 8. f4 exf4 9. e5 h6 10. Bxf4 Ng4 11. Rd2 Bc5 12. h3 Ne3 13. Bb5 c6 14. Ba4 g5 15. Ne4 Bb6 16. Bg3 Nf1 17. Rd1 Nxg3 18. Nxg3 Be3+ 19. Kb1 Bf4 20. Ne4 Kc7 21. Nf3 Nxe5 22. Nd4 Bd5 23. Rhe1 Nc4 24. Nf6 Bxg2 25. Re7+ Kb6 26. Nd7+ Ka5 27. Nb3+ Kxa4 28. Ndc5+ Kb5 29. a4+ Kb4 30. c3# 1-0

[Event "Chessable Masters Play In"]
[Site "Chess.com INT"]
[Date "2025.02.17"]
[Round "4"]
[White "Henriquez Villagra, Cristobal"]
[Black "Cuenca Jimenez, Jose Fernando"]
[Result "1-0"]
[WhiteElo "2597"]
[BlackElo "2479"]
[PlyCount "83"]
[EventDate "2025.02.17"]
[EventType "swiss (blitz)"]
[EventRounds "9"]
[EventCountry "USA"]
[SourceTitle "CB08_2025"]
[SourceDate "2025.02.19"]
[SourceVersion "1"]
[SourceVersionDate "2025.02.19"]
[SourceQuality "1"]

1. d4 d5 2. Nf3 Nf6 3. Bf4 c5 4. e3 Nc6 5. Be2 Bg4 6. 0-0 e6 7. c3 Bd6 8. dxc5 Bxc5 9. Qb3 Qe7 10. Nbd2 e5 11. Bg5 e4 12. Nd4 Nxd4 13. cxd4 Bxe2 14. Rfe1 Bd3 15. dxc5 Qxc5 16. Qxb7 0-0 17. Bxf6 gxf6 18. Nb3 Qd6 19. Rec1 Rfb8 20. Qc6 Qxc6 21. Rxc6 a5 22. Rxf6 a4 23. Nd4 Rxb2 24. a3 Rab8 25. g4 Rb1+ 26. Rxb1 Rxb1+ 27. Kg2 Ra1 28. Rc6 Rxa3 29. Rc8+ Kg7 30. Kg3 f6 31. Nf5+ Kf7 32. Rc7+ Kf8 33. g5 fxg5 34. Kg4 Ke8 35. Ng7+ Kd8 36. Ne6+ Ke8 37. Kxg5 Ra2 38. f4 Rg2+ 39. Kf6 Rg6+ 40. Ke5 a3 41. f5 Rh6 42. Kd6 1-0

[Event "Titled Tuesday intern op 04th Feb Late"]
[Site "Chess.com INT"]
[Date "2025.02.04"]
[Round "3"]
[White "Blanco Diez, David"]
[Black "Cuenca Jimenez, Jose Fernando"]
[Result "1-0"]
[WhiteElo "2290"]
[BlackElo "2479"]
[PlyCount "115"]
[EventDate "2025.02.04"]
[EventType "swiss (blitz)"]
[EventRounds "11"]
[EventCountry "USA"]
[SourceTitle "CB07_2025"]
[SourceDate "2025.02.12"]
[SourceVersion "1"]
[SourceVersionDate "2025.02.12"]
[SourceQuality "1"]

1. Nf3 Nf6 2. b3 g6 3. Bb2 Bg7 4. g3 0-0 5. Bg2 d5 6. c4 Nc6 7. cxd5 Nxd5 8. Bxg7 Kxg7 9. d4 Bg4 10. 0-0 Nf6 11. h3 Bxf3 12. Bxf3 Qxd4 13. Na3 Qb4 14. Nc2 Qb6 15. Qd2 Rad8 16. Qc3 Nd4 17. Nxd4 Rxd4 18. Bxb7 Rfd8 19. Bf3 e5 20. Rac1 e4 21. Bg2 R8d7 22. h4 Nd5 23. Qb2 Nf6 24. Bh3 R7d6 25. Qc3 c6 26. e3 Rd3 27. Qe5 R3d5 28. Qb2 h5 29. Rfe1 Kg8 30. Bf1 Ng4 31. Bc4 Rf5 32. Re2 Ne5 33. Qc2 Nd3 34. Rd2 Qd8 35. Rcd1 Qf6 36. Bxd3 exd3 37. Rxd3 Rxd3 38. Rxd3 Qa1+ 39. Kg2 Qf6 40. Rc3 Qe5 41. Rxc6 Qd5+ 42. e4 Rxf2+ 43. Kxf2 Qd4+ 44. Kg2 Qe3 45. Rc8+ Kh7 46. Rc3 Qd4 47. Rf3 Kg8 48. Qc4 Qd7 49. e5 Qe7 50. e6 fxe6 51. Re3 Kf7 52. Qf4+ Kg7 53. Qe5+ Kf7 54. Rf3+ Kg8 55. Rf6 Qb7+ 56. Kh2 Qb6 57. Qxe6+ Qxe6 58. Rxe6 1-0